• 首页
  • 本馆介绍
  • 公告通知
  • 最新文献
  • 馆藏检索
  • 电子资源
  • 读者导购
  • 参考咨询
  • 我的图书馆
  • 登录
  • 详细信息显示
  • 放入我的书架
  • 预约/预借图书
  • 作者相关作品
  • 分类相关作品
  • 丛书相关作品
  • 出版社相关作品

书目信息

  • 表格格式
  • 工作单格式
  • 卡片格式
题名:
创新与创业管理
    
 
作者: 陈劲 主编
分册: 第26辑  
出版信息: 北京   科学出版社  2022
页数: 152页
开本: 24cm
丛书名:
单 册:
中图分类: F272-53 , F272
科图分类:
主题词: 企业管理--文集
电子资源:
ISBN: 978-7-03-072016-0
000 01216nam0 2200265 450
001 2270219921
005 20221012193123.13
010    @a978-7-03-072016-0@dCNY118.00
100    @a20220705d2022 em y0chiy50 ea
101 0  @achi
102    @aCN@b110000
105    @aa az 000yy
200 1  @a创新与创业管理@9chuang xin yu chuang ye guan li@dManagement of innovation and entrepreneurship@h第26辑@f陈劲主编@zeng
210    @a北京@c科学出版社@d2022
215    @a152页@c图@d24cm
300    @a教育部人文社会科学重点研究基地 清华大学技术创新研究中心 CSSCI集刊
320    @a有书目
330    @a本专辑共收录了10篇文章,研究主题涉及:创新引领关键核心技术突破的机制;新市场进入时机与生存绩效;组合式创新中的知识产权价值实现;出口赋能创新的机制、影响因素与展望;家族涉入与企业创新的元分析;创新网络研究的现状、热点与趋势;自我领导对科研人员创新性即兴行为的作用机制;高密度研制下航天器AIT生产创新管理实践探析;农民集群创业与乡村振兴的理论与实践;组织双元学习对企业颠覆性创新绩效的影响。
510 1  @aManagement of innovation and entrepreneurship@zeng
606 0  @a企业管理@j文集
690    @aF272-53@v5
690    @aF272@v4
701  0 @a陈劲@9chen jing@4主编
801  0 @aCN@b91MARC@c20220712
905    @aZUCC@dF272@e203:26
    
    创新与创业管理=Management of innovation and entrepreneurship.第26辑/陈劲主编.-北京:科学出版社,2022
    152页:图;24cm
    教育部人文社会科学重点研究基地 清华大学技术创新研究中心 CSSCI集刊
    
    ISBN 978-7-03-072016-0:CNY118.00
    本专辑共收录了10篇文章,研究主题涉及:创新引领关键核心技术突破的机制;新市场进入时机与生存绩效;组合式创新中的知识产权价值实现;出口赋能创新的机制、影响因素与展望;家族涉入与企业创新的元分析;创新网络研究的现状、热点与趋势;自我领导对科研人员创新性即兴行为的作用机制;高密度研制下航天器AIT生产创新管理实践探析;农民集群创业与乡村振兴的理论与实践;组织双元学习对企业颠覆性创新绩效的影响。
●
相关链接 在五车中查询图书 在当当中查询图书 在豆瓣中查询图书


正题名:创新与创业管理     索取号:F272/203:26         预约/预借

序号 登录号 条形码 馆藏地/架位号 状态 备注
1 2000914015   2000914015   第三书库/ [索取号:F272/203:26] 在馆    
2 2000914016   2000914016   第三书库/ [索取号:F272/203:26] 在馆    
3 2000914017   2000914017   第三书库/ [索取号:F272/203:26] 在馆    
山东省滨州职业学院图书馆 欢迎您!
大连网信软件有限公司© 版权所有